[Event "WJCC U20 Open 2019"]
[Site "New Delhi"]
[Date "2019.10.23"]
[Round "9.8"]
[White "Murzin, Volodar"]
[Black "Gazik, Viktor"]
[Result "1-0"]
[WhiteElo "2433"]
[BlackElo "2546"]
[Annotator "TA"]
[PlyCount "111"]
[EventDate "2019.10.15"]
[EventType "swiss"]
[EventCountry "IND"]
[SourceTitle "playchess.com"]
[Source "ChessBase"]
[SourceQuality "1"]

{[%evp 10,111,60,62,43,63,81,89,86,85,84,76,77,14,39,-2,14,22,13,13,12,12,44,0,0,-16,-16,-41,0,-7,0,-6,0,0,0,0,0,0,0,-8,0,0,0,0,0,0,0,0,8,6,47,48,46,18,35,27,53,53,50,52,52,50,53,57,45,52,230,237,431,412,518,518,518,518,518,518,518,515,872,575,575,575,575,575,551,550,875,893,841,800,924,909,897,883,897,852,1169,1067,29970,29971,7652,4770,29973,29970]} 1. e4 d5 2. exd5 Qxd5 3. Nc3 Qa5 4. d4 Nf6 5. Bd2 Qb6 6. Nf3 Bg4 {B01: Scandinavian Defence} 7. h3 Bh5 (7... Bxf3 8. Qxf3 c6 9. O-O-O e6 10. Kb1 Nbd7 11. g4 Bb4 12. g5 Bxc3 13. Bxc3 Nd5 14. Be1 O-O 15. c4 Ne7 16. Bd3 c5 17. Bc3 Nc6 18. dxc5 Nxc5 19. Bxh7+ {1-0 (19) Fressinet,L (2667)-Munoz Pantoja,M (2494) Barcelona 2017}) 8. g4 Bg6 {White is better.} 9. Qe2 e6 10. Bg2 $146 ({Predecessor:} 10. d5 Nbd7 11. g5 Ng8 12. O-O-O O-O-O 13. Be3 Bc5 14. dxe6 fxe6 15. Bxc5 Qxc5 {1-0 (38) Tuominen,M (2381)-Vainio,M (1862) ICCF email 2007}) 10... c6 11. O-O (11. Ne5 $16) 11... Nbd7 12. g5 Nd5 13. Nxd5 cxd5 14. c4 dxc4 15. Qxc4 Bd6 16. d5 (16. Ne5 $5) 16... e5 $1 17. Be3 Qxb2 18. Nh4 Qa3 19. Nxg6 hxg6 20. Rfb1 b6 21. Qb5 Ke7 22. Rb3 Qa5 23. Qxa5 bxa5 24. Rb7 $132 {[%mdl 2048] White has counterplay} Rh4 25. Bf1 {[#] Strongly threatening Bb5.} a6 26. Rab1 Rb4 27. R1xb4 axb4 28. h4 {aiming for Bh3.} Ke8 29. Bh3 Nf8 30. Bg4 {[%mdl 1024] Black must now prevent Bd1. White has compensation.} a5 {Threatening ...a4.} 31. Bd2 Rb8 32. Ra7 Rb5 33. Bd1 {[#] Ba4 is the strong threat.} Rxd5 34. Ba4+ Kd8 35. Be3 Ne6 36. Rd7+ Kc8 37. Rxf7 {And now Bd7+ would win.} Nd4 $2 (37... Nc5 $14) 38. Rxg7 $18 Nf3+ $2 (38... Bc5 {is a better defense.} 39. Bxd4 (39. Rxg6 Nf3+ 40. Kf1 Bxe3 $16) 39... exd4) 39. Kf1 e4 40. Rxg6 Nxh4 41. Rg8+ Kb7 42. Bc2 Kc7 {If only Black now had time for ...Nf5....} 43. Bxe4 Rd1+ 44. Ke2 Ra1 45. Rg7+ Kd8 46. Rh7 Rxa2+ 47. Kd3 b3 48. Rxh4 b2 49. Rh1 Be5 50. f4 Ra3+ 51. Kd2 Bc3+ 52. Kc2 a4 53. Bc5 Ra1 54. Kxc3 Rxh1 55. Kxb2 Rh4 56. Bd6 {Accuracy: White = 76%, Black = 32%.} 1-0

[Event "WJCC U20 Open 2019"]
[Site "New Delhi"]
[Date "2019.10.23"]
[Round "9.9"]
[White "Raghunandan, Kaumandur Srihari"]
[Black "Visakh N R"]
[Result "1-0"]
[WhiteElo "2449"]
[BlackElo "2529"]
[Annotator "TA"]
[PlyCount "57"]
[EventDate "2019.10.15"]
[EventType "swiss"]
[EventCountry "IND"]
[SourceTitle "playchess.com"]
[Source "ChessBase"]
[SourceQuality "1"]

{[%evp 12,57,40,31,59,46,40,16,22,14,25,0,14,14,21,20,30,30,33,27,26,31,25,22,94,93,98,92,122,97,88,97,95,98,91,88,96,92,82,92,952,941,764,501,29995,991,29996,29997]} 1. e4 e5 2. Bc4 Nf6 3. d3 Nc6 4. Nf3 Be7 5. O-O O-O 6. Re1 d6 7. a3 Kh8 {C55: Two Knights: 4 d3, 4 d4 exd4 5 e5 and Max Lange Attack} (7... h6 8. Nbd2 Nh7 9. Nf1 Ng5 10. c3 Bg4 11. Bxg5 Bxg5 12. h3 Bd7 13. d4 Bf6 14. Qd2 Kh7 15. Rad1 {1-0 (35) Giri,A (2780)-Iordachescu,V (2591) Batumi 2018}) 8. h3 Nd7 $146 ({Predecessor:} 8... Ng8 9. Nc3 f5 10. Nd5 Bf6 11. b4 Nce7 12. Nxf6 Nxf6 13. d4 Nc6 14. dxe5 Nxe5 15. Nxe5 dxe5 16. Qxd8 Rxd8 {1-0 (48) Demchenko,A (2679)-Ali,M (2413) Surakarta 2018}) 9. Nc3 Nb6 {The position is equal.} 10. Ba2 f5 11. Nd5 fxe4 12. dxe4 Nxd5 13. exd5 Nb8 $1 14. c4 Bf5 15. Be3 Nd7 16. Bb1 Bxb1 17. Rxb1 c6 (17... a5 $11 {keeps the balance.}) 18. c5 $16 dxc5 19. dxc6 bxc6 20. Qd3 Qc7 21. Rbd1 {[%mdl 1024] White has strong compensation.} Rad8 22. Qe4 Rfe8 23. Qf5 {aiming for Ng5.} Rf8 24. Qe6 Rfe8 25. Qf7 $36 {[%mdl 2048] White is on the roll.} h6 $2 {[%mdl 8192] [#]} (25... Qc8 $16) 26. Bxh6 $1 $18 {[%csl Gh6][%cal Rf7g7][%mdl 512]} Bf6 (26... gxh6 27. Rxd7) 27. Ng5 {White wants to mate with Re4!} Qc8 {[#]} (27... e4 $18 28. Nxe4 (28. Qg6 Nf8 $16) 28... Rf8) 28. Bxg7+ $1 {[%mdl 512]} Bxg7 29. Re4 {Accuracy: White = 71%, Black = 56%.} 1-0

[Event "WJCC U20 Open 2019"]
[Site "New Delhi"]
[Date "2019.10.23"]
[Round "9.10"]
[White "Mendonca, Leon Luke"]
[Black "Iniyan, P."]
[Result "1/2-1/2"]
[WhiteElo "2388"]
[BlackElo "2509"]
[Annotator "TA"]
[PlyCount "83"]
[EventDate "2019.10.15"]
[EventType "swiss"]
[EventCountry "IND"]
[SourceTitle "playchess.com"]
[Source "ChessBase"]
[SourceQuality "1"]

{[%evp 17,83,19,26,16,43,11,13,14,13,24,20,31,9,28,33,43,28,18,30,20,85,75,47,-22,-17,-18,-25,-18,-14,-17,-28,-37,-34,-94,39,45,45,31,22,-2,685,45,39,-206,28,28,28,24,54,26,29,0,0,0,0,-4,-4,-4,0,-4,-4,-5,0,0,0,-3,0,-6]} 1. d4 Nf6 2. c4 c5 3. Nf3 cxd4 4. Nxd4 e5 5. Nb5 d5 6. cxd5 Bc5 7. N5c3 O-O 8. e3 e4 9. Be2 Re8 10. Nd2 {A31: Symmetrical English: 2 Nf3 Nf6 3 d4} a6 11. a4 $146 ({Predecessor:} 11. Nb3 Bf8 12. O-O Nbd7 13. Nd4 Ne5 14. Qc2 Bd6 15. Bd2 Bb8 16. Rac1 h5 {1-0 (30) Cmilyte,V (2467)-Milliet,S (2414) Baku 2007}) 11... Bf5 12. Nc4 Nbd7 13. g4 Bg6 14. g5 b5 $1 {[%cal Rb5c4]} 15. axb5 axb5 16. Rxa8 Qxa8 17. Nxb5 Nxd5 18. h4 Qc6 (18... Ne5 $11 {keeps the balance.}) 19. h5 Bf5 (19... Qxb5 $2 20. hxg6 Qc6 21. gxf7+ (21. gxh7+ Kh8 $18) (21. Rxh7 fxg6 22. Rh4 Ne5 $16) 21... Kxf7 22. Rxh7 $18) 20. Kf1 (20. Nd4 $14 Bxd4 21. Qxd4) 20... Ne5 21. Nd4 Bxd4 $1 22. Qxd4 Nf3 23. Bxf3 $1 exf3 24. h6 {[%csl Gh6][%cal Rd4g7]} f6 {[%mdl 1024] Black has compensation.} 25. Rh4 {[#]} (25. gxf6 $1 $15 Nxf6 26. b3) 25... Qd7 (25... Rd8 $1 $17 26. Kg1 Qc7) 26. e4 $14 Nb4 27. Nd6 {[%mdl 64] Double Attack} Nc6 $1 28. Qd2 $132 {[%mdl 2048] White is fighting back} fxg5 $2 {[%mdl 8192]} (28... Rd8 $11 29. exf5 Qxd6 30. Qxd6 Rxd6) 29. Qxg5 $2 (29. exf5 $18 Nd8 30. Rg4) 29... Bxe4 {...Bd3+ is the strong threat.} 30. Bd2 $2 {[#]} ({Don't go for} 30. Qd2 $2 Re5 $19) (30. Kg1 $14 {stays ahead.} Re5 31. Qg4) 30... Re5 $2 (30... Bd3+ $1 $19 31. Kg1 Re6) 31. Qxg7+ $11 Qxg7 32. hxg7 Bd3+ 33. Kg1 {next Bc3 is good for White.} Re6 34. Bf4 Nd4 {Threatens to win with ...Ne2+.The position is equal.} 35. Kh2 Ne2 36. Nc8 Ba6 37. Na7 Rg6 {aiming for ...Rg2+.} 38. Be3 Rg2+ 39. Kh1 Rg1+ 40. Kh2 Rg2+ 41. Kh1 Bb7 {White must now prevent ...Ng3+!} 42. Nb5 {Accuracy: White = 48%, Black = 49%.} 1/2-1/2

[Event "WJCC U20 Open 2019"]
[Site "New Delhi"]
[Date "2019.10.23"]
[Round "9.11"]
[White "Khanin, Semen"]
[Black "Janik, Igor"]
[Result "0-1"]
[WhiteElo "2507"]
[BlackElo "2467"]
[Annotator "TA"]
[PlyCount "84"]
[EventDate "2019.10.15"]
[EventType "swiss"]
[EventCountry "IND"]
[SourceTitle "playchess.com"]
[Source "ChessBase"]
[SourceQuality "1"]

{[%evp 14,84,18,25,22,14,52,20,52,49,52,41,51,43,77,46,45,-14,0,-18,-25,-34,-28,-166,-157,-192,-166,-179,-173,-177,-174,-173,-168,-181,-122,-170,-60,-64,-93,-191,-191,-228,-242,-229,-131,-130,-120,-113,-119,-122,-120,-111,-65,-75,-16,-18,0,-72,-39,-47,-89,-518,-193,-1170,-1166,-1160,-1133,-1031,-987,-1721,-1663,-1663,-1572]} 1. e4 e5 2. Nf3 Nc6 3. Bc4 Nf6 4. d3 Bc5 5. O-O O-O 6. c3 d6 7. Bg5 h6 8. Bh4 g5 {C54: Giuoco Piano: 4 c3 Nf6, main lines with 5 d4 and 5 d3} (8... a6 9. a4 Ba7 10. Na3 g5 11. Bg3 g4 12. Nh4 Nh5 13. Nc2 Qg5 14. Re1 Be6 15. Ne3 Bxe3 16. Rxe3 Bxc4 17. dxc4 Ne7 {1-0 (53) Aronian,L (2767)-Nakamura,H (2777) chess.com INT 2018}) 9. Bg3 Bg4 10. Nbd2 a5 {The position is equal.} 11. h3 Bh5 12. Re1 $146 ({Predecessor:} 12. a4 Qd7 13. Bb5 g4 14. hxg4 Qxg4 15. Kh1 Kh8 16. Qc1 {1-0 (25) Gonzalez Vidal,Y (2546)-Alvarez Ramirez,M (2275) Villahermosa 2016}) 12... Qb8 13. a4 Qa7 14. Nb3 Bb6 15. d4 (15. h4 $14) 15... Rae8 16. Qd3 Bg6 {And now ...d5! would win.} 17. dxe5 Nh5 18. Nfd4 (18. Kh1 $1 $11 {and White stays safe.}) 18... Nxe5 $19 19. Qf1 ({Avoid the trap} 19. Bxe5 $2 dxe5 20. Rad1 exd4 $19) 19... Nxg3 20. fxg3 Nxc4 21. Qxc4 Bxe4 22. Kh2 d5 23. Qe2 Kg7 (23... Kh7 $19 24. Qh5 Qb8) 24. Qh5 {Black must now prevent Rxe4!} Bg6 (24... Bxd4 $19 25. Nxd4 Re5) 25. Qf3 $15 c6 26. Rxe8 (26. Nf5+ $17 Kh7 27. Ne7) 26... Rxe8 $19 27. Nf5+ Kh7 $1 28. h4 Re5 ({Better is} 28... Qb8 $19 29. Nbd4 Re4) 29. Nbd4 $17 Qb8 {Hoping for ...Bxd4.} 30. h5 Bxf5 $1 31. Nxf5 Re4 32. Rf1 g4 ({Much worse is} 32... Rxa4 $6 33. Nd6 $1 $11 {[%mdl 512]}) 33. Qd1 Qd8 (33... Bc5 $1 $17 34. Qd2 Bf8) 34. Qc1 $1 $11 {[%cal Rc1h6]} Re6 $36 {[%mdl 2048] [#] Black has some pressure.} 35. Nh4 {[#]} (35. Nxh6 $1 $11 {[%mdl 512] keeps the balance.} Rxh6 36. Rxf7+ Kg8 37. Qxh6 Kxf7 38. Qg6+ Ke7 39. Qg5+ Kf8 40. Qh6+ Ke7 41. Qg5+ Kd6 42. Qf4+ Ke7 43. Qg5+) 35... Bc7 $1 36. Rxf7+ Kg8 37. Rf4 $2 {[%mdl 8192]} (37. Rxc7 $17 {nothing else works.} Qxc7 38. Ng6) 37... Re4 $2 (37... Qg5 {aiming for ...Re4.} 38. Qf1 Bd6) 38. Rxe4 $2 (38. Ng6 Bxf4 39. Nxf4) 38... Qxh4+ $1 $19 {Black is clearly winning.} ({Weaker is} 38... dxe4 39. Ng6 $11) 39. Kg1 Bxg3 {...Qh2+ is the strong threat.} 40. Re8+ {[#]} Kf7 $1 {[%mdl 512] ( -> ...Qh2+)} 41. Qe3 Qh2+ 42. Kf1 Qh1+ {Accuracy: White = 43%, Black = 41%.} 0-1

[Event "WJCC U20 Open 2019"]
[Site "New Delhi"]
[Date "2019.10.23"]
[Round "9.12"]
[White "Pogosyan, Stefan"]
[Black "Kuybokarov, Temur"]
[Result "0-1"]
[WhiteElo "2364"]
[BlackElo "2501"]
[Annotator "TA"]
[PlyCount "86"]
[EventDate "2019.10.15"]
[EventType "swiss"]
[EventCountry "IND"]
[SourceTitle "playchess.com"]
[Source "ChessBase"]
[SourceQuality "1"]

{[%evp 9,86,17,35,20,19,27,17,13,39,42,35,0,0,0,6,0,11,-28,-36,-32,-38,-39,-43,-38,-5,-17,-18,-40,-20,-14,-16,-16,-17,-88,-71,-124,-135,-166,-167,-227,-224,-232,-232,-332,0,-83,-97,-308,-45,-59,0,-126,-109,-111,-130,-116,-100,-80,-93,-29990,-156,-164,-154,-135,0,-206,-205,-381,-388,-387,-388,-388,-373,-371,-342,-349,-339,-381,-362]} 1. c4 e5 2. Nc3 Nc6 3. g3 Bc5 4. Bg2 a6 (4... d6 5. a3 a6 6. d3 Nf6 7. Nf3 h6 8. O-O O-O 9. b4 Ba7 10. e3 Be6 11. Bb2 Qd7 12. Rc1 Ne7 13. d4 exd4 14. Nxd4 Bxc4 15. Ne4 Nxe4 16. Rxc4 d5 17. Bxe4 dxc4 {1-0 (31) Navara,D (2734)-Fedorchuk,S (2633) Riga 2019}) 5. e3 Ba7 6. Nge2 {A25: English Opening vs King's Indian with ...Nc6 but without early d3} d6 7. d4 h5 8. h4 {The position is equal.} Bg4 9. d5 Nce7 10. e4 Bd7 $146 ({Predecessor:} 10... Nf6 11. Qd3 Bxe2 12. Qxe2 Ng4 13. f3 {0-1 (53) Rodriguez Dosina,A (2207)-Lopez Gari,O (2278) Santa Clara 2017}) 11. Qd3 Nf6 12. Be3 Qb8 13. O-O Ng4 14. Bxa7 Qxa7 15. Nd1 O-O 16. Ne3 b5 17. Nxg4 hxg4 18. Rac1 b4 19. c5 Bb5 20. Qe3 f5 21. Qg5 (21. a3 $11) 21... Rf6 $36 {[%mdl 2048] Black is on the roll.} ({Much weaker is} 21... Bxe2 $6 22. Rfe1 $14) 22. Rfe1 (22. Qe3 $142) 22... Raf8 $1 $17 23. exf5 Nxf5 24. Qxg4 (24. a4 {was worth a try.} Bxa4 25. Qxg4) 24... dxc5 $19 25. b3 Bd3 {...c4! is the strong threat.} 26. Qg5 {[#]} (26. Rc4 $142) 26... Nh6 $2 (26... c4 $1 $19 {[%mdl 512] Threatens to win with ...Nxh4!} 27. h5 (27. bxc4 Nxh4) 27... c3) 27. Qe3 (27. Qxe5 $11 {remains equal.} Rxf2 28. Nf4) 27... Rxf2 $17 28. d6 $2 (28. Qxe5 $17 Bxe2 29. Qe6+ Kh8 30. Rxe2) 28... Bxe2 $2 (28... cxd6 $19 29. Nf4 Rxg2+ $1 {[%mdl 512]} 30. Kxg2 Bb5) 29. dxc7 $1 $15 Bg4 ({Not} 29... Ng4 30. Qxc5 Qxc5 31. Rxc5 $16) (29... Qxc7 $15 30. Rxe2 Rxe2 31. Qxe2 e4 $1 {[%mdl 512]} 32. Qxe4 Qxg3) 30. Bd5+ (30. Qxc5 $11 {was the only way to keep the balance.} Qxc5 31. Rxc5) 30... Kh8 $17 31. Qxc5 Qxc5 32. Rxc5 Bc8 $1 ({Don't take} 32... Rxa2 33. Rcc1 $15) 33. Rd1 Ng4 34. Bc4 $2 {[%mdl 8192]} (34. Be4 $17) 34... Ne3 $2 (34... R8f3 {mates} 35. Rd8+ {[%mdl 64] [#] Double Attack} Kh7 $1 {[%mdl 512]} 36. Bg8+ Kh6 $1 {[%mdl 512]} 37. Rd6+ g6 38. Rxg6+ Kxg6 39. Rc6+ Kh5 $1 {[%mdl 512]} 40. Rh6+ Kxh6 41. Bd5 Re3 42. Bg2 Re1+ 43. Bf1 Rexf1#) 35. Rd8 Nxc4 36. Rxc4 Kg8 ({Black should try} 36... R2f7 $17 {Hoping for ...Kg8.} 37. Rxb4 Kh7 38. Rxf8 Rxf8) 37. Rxb4 $2 (37. Rxc8 $1 $11 Rf1+ 38. Kg2 R1f2+ {[%mdl 64] Double Attack} 39. Kg1 Rf1+ 40. Kg2 R1f2+ {[%mdl 64] Double Attack} 41. Kg1) 37... Rc2 $19 38. Re4 $2 (38. Rc4 Rxc4 39. bxc4) 38... Rc1+ 39. Kh2 Bb7 40. Rxf8+ Kxf8 41. c8=Q+ Rxc8 42. Rxe5 Rc2+ 43. Kh3 Rxa2 {Accuracy: White = 22%, Black = 57%.} 0-1

[Event "WJCC U20 Open 2019"]
[Site "New Delhi"]
[Date "2019.10.23"]
[Round "9.13"]
[White "Di Benedetto, Edoardo"]
[Black "Tabatabaei, M.amin"]
[Result "1/2-1/2"]
[WhiteElo "2401"]
[BlackElo "2642"]
[Annotator "TA RC"]
[PlyCount "202"]
[EventDate "2019.10.15"]
[EventType "swiss"]
[EventCountry "IND"]
[SourceTitle "playchess.com"]
[Source "ChessBase"]
[SourceQuality "1"]

{[%evp 23,202,15,24,0,0,-16,17,6,12,0,0,-25,-22,-26,-23,-15,-12,0,0,0,-3,-8,0,-33,-36,-39,-14,-22,-12,-12,10,8,9,9,10,0,0,0,0,0,0,0,0,0,0,-16,0,-39,-39,-39,-27,-27,-27,-27,-27,-27,-21,-31,-31,-31,-31,-31,-31,-31,-8,-8,0,-31,-8,-8,-8,-31,-31,-31,-31,-31,-31,-31,-31,-31,-8,-8,-8,-8,-8,-8,-8,-15,-15,-15,-8,-8,-8,-8,-8,-8,0,0,0,-8,-8,-8,-8,-8,-8,-27,-8,-18,-8,-27,-27,-27,-27,-27,-17,-17,-17,-17,-17,-17,-17,-17,-17,-17,-17,-34,-34,-34,-34,-34,-34,-34,-34,-34,-34,-34,-34,-34,-32,-32,-32,-32,-27,-32,-27,-32,-32,-32,-31,-32,-27,-32,-27,-32,-32,-32,-32,-34,-34,-34,-34,-34,-32,-34,-8,-33,-8,-32,-8,-33,0,-33,-8,-8,-8,-8,-8,-8,0,0,0]} 1. d4 Nf6 2. c4 e6 3. Nc3 d5 4. Bg5 Be7 5. e3 O-O 6. Nf3 h6 7. Bh4 b6 8. Be2 Bb7 9. O-O Nbd7 10. Rc1 c5 11. cxd5 exd5 12. dxc5 bxc5 13. Na4 {D58: Queen's Gambit Declined: Tartakower Defence} (13. Qc2 Rc8 14. Rfd1 Qb6 15. Bg3 Rfd8 16. Nd2 Nf8 17. Na4 Qc6 18. Qb3 c4 19. Qc2 Ne6 20. Nf3 d4 21. Bxc4 {½-½ (35) Babula,V (2608)-Stocek,J (2578) Slovakia 2009}) 13... Rc8 14. Bd3 $146 ({Predecessor:} 14. Bg3 Qa5 15. Nc3 Rfd8 16. Qc2 Nb6 17. Rfd1 Nh5 18. Qf5 Nxg3 19. hxg3 Bf6 20. Qb1 a6 {½-½ (78) Bobocea,L (1618)-Botocan,C (1528) Calimanesti 2014}) 14... g5 15. Bg3 Ne4 16. Bxe4 dxe4 17. Ne5 Nxe5 18. Bxe5 f6 19. Bg3 Qxd1 (19... Qd5 {is more complex.} 20. Qh5 Kg7 21. Rfd1 Qe6 22. b3 f5) 20. Rfxd1 Rfd8 21. Rxd8+ Rxd8 22. h3 Rd5 23. Bb8 Bc6 $1 {[%cal Rc6a4]} 24. Nc3 $1 {[%cal Rc3d5]} Rd2 25. Bxa7 Rxb2 {[#] Threatens to win with ...Rb7.} 26. a4 c4 27. a5 Rb3 28. Bd4 Ra3 29. Nb1 Ra4 30. a6 Rxa6 31. Rxc4 Kf7 32. Rc1 h5 33. Nc3 h4 34. Ne2 Bd7 35. Ra1 Rxa1+ 36. Bxa1 $15 {[%mdl 4096] Endgame KBB-KBN} Ke6 37. g3 hxg3 38. fxg3 f5 39. Bd4 Kd5 40. Kf2 Kc4 41. Ba7 Kd3 42. Nc1+ Kc2 43. Ne2 Bb4 44. Bd4 Be7 45. Bb6 Bc8 46. Nd4+ Kd3 47. Ne2 Bf6 48. Bc5 Ba6 49. Bb6 Bc4 50. Bc7 Bf7 51. Bb6 Bh5 52. Nc1+ Kc2 53. Ne2 Kd2 54. Ba5+ Kd3 55. Nc1+ Kc4 56. Ne2 Be5 57. Bd8 Kd3 58. Nc1+ Kc2 59. Ne2 Kd3 60. Nc1+ Kc2 61. Ne2 Kd2 {[#]} 62. g4 $1 {[%mdl 512]} fxg4 63. hxg4 Bxg4 64. Ng3 Bf3 {With the idea ...g4.} 65. Bxg5 Bc3 (65... Bc7 {feels hotter.} 66. Bf6 Kd3 67. Nf5 Kc4 68. Ng3 Bd6) 66. Nxe4+ (66. Nf5 {is interesting.} Kd3 67. Kg3 Ba5 68. Be7 Bc7+ 69. Bd6) 66... Bxe4 67. Kg3 Kd3 68. Kf4 Bg7 69. Bd8 Bf8 70. Bf6 Bc6 71. Bd4 Kc4 72. Kf5 Kd5 73. Kg6 Ke6 74. Kh7 Kf7 75. Kh8 Be4 76. Bc3 Bc5 77. Bb2 Bxe3 78. Ba1 Bh6 79. Bb2 Bg6 80. Ba1 Ke6 81. Bb2 Kd5 82. Ba1 Bf4 83. Bb2 Kc4 84. Bg7 Be8 85. Bf6 Bc6 86. Bg7 Be4 87. Bf6 Bd6 88. Bg7 Kd5 89. Bf6 Ke6 90. Bb2 Kf7 91. Ba1 Bd5 92. Bb2 Kf8 93. Ba1 Bg8 94. Bb2 Be7 95. Ba1 Ba3 96. Bc3 Bc5 97. Bb2 Kf7 98. Ba1 {The position is equal.} Bf8 99. Bb2 Be7 100. Ba1 Bf6+ 101. Bxf6 Kxf6 {Accuracy: White = 70%, Black = 51%.} 1/2-1/2

[Event "WJCC U20 Open 2019"]
[Site "New Delhi"]
[Date "2019.10.23"]
[Round "9.14"]
[White "Albornoz Cabrera, Carlos Daniel"]
[Black "Percivaldi, Martin"]
[Result "1-0"]
[WhiteElo "2581"]
[BlackElo "2391"]
[Annotator "TA"]
[PlyCount "59"]
[EventDate "2019.10.15"]
[EventType "swiss"]
[EventCountry "IND"]
[SourceTitle "playchess.com"]
[Source "ChessBase"]
[SourceQuality "1"]

{[%evp 21,59,35,41,39,46,17,13,16,29,43,47,42,52,52,42,37,39,21,178,142,156,139,136,132,145,135,127,147,137,135,202,170,267,280,968,967,936,910,1229,1214]} 1. e4 e5 2. Nf3 Nc6 3. Bb5 a6 4. Ba4 Nf6 5. O-O Be7 6. Re1 b5 7. Bb3 d6 8. c3 O-O 9. h3 Nb8 10. d4 Nbd7 11. c4 c6 12. Qc2 {C95: Closed Ruy Lopez: Breyer Variation with 10 d4} Bb7 13. dxe5 dxe5 14. a3 {[#] The position is equal.} Bc5 $146 ({Predecessor:} 14... a5 15. Rd1 Qb8 16. Bg5 Rd8 17. cxb5 cxb5 18. Nc3 h6 19. Bxf6 Nxf6 20. Rxd8+ Bxd8 {0-1 (33) Zhigalko,A (2584)-Istratescu,A (2602) Calimanesti Caciulata 2016}) 15. Nc3 h6 16. Be3 Bxe3 17. Rxe3 g6 18. Rd1 {And now Nxe5! would win.} Qe7 19. Ba2 Nh5 $2 (19... Kg7 $11) 20. Red3 Ndf6 21. Rd6 c5 22. cxb5 axb5 23. Nxb5 {[%cal Bc3b5,Bb5d6,Bd6f5][%mdl 32]} Bxe4 {[#]} 24. Qc3 $1 $36 {[%mdl 2048] Keeping Black busy.} ({Much worse is} 24. Qxc5 $6 Bxf3 25. gxf3 Nf4 $11) 24... Rae8 25. R6d2 ({Don't play} 25. Qxc5 $6 Bxf3 26. gxf3 Nf4 $11) 25... Bc6 (25... Nf4 $16) 26. Nd6 $18 Ne4 (26... Nf4 {was worth a try.}) 27. Qc2 Nxd2 $2 (27... Nhf6 28. Nxe8 Rxe8) 28. Qxg6+ $1 {[%mdl 64] Double Attack. White is clearly winning.} Ng7 29. Rxd2 {White threatens Nf5! and mate.} Bxf3 {[#]} 30. Nf5 $1 {[%mdl 576] Double Attack. Accuracy: White = 76%, Black = 39%.} 1-0

[Event "WJCC U20 Open 2019"]
[Site "New Delhi"]
[Date "2019.10.23"]
[Round "9.15"]
[White "Pranav, V."]
[Black "Harsha Bharathakoti"]
[Result "0-1"]
[WhiteElo "2308"]
[BlackElo "2530"]
[Annotator "TA"]
[PlyCount "132"]
[EventDate "2019.10.15"]
[EventType "swiss"]
[EventCountry "IND"]
[SourceTitle "playchess.com"]
[Source "ChessBase"]
[SourceQuality "1"]

{[%evp 21,131,0,0,0,-2,-29,0,0,0,-16,0,-16,37,7,35,36,39,22,20,19,14,8,18,21,50,18,16,18,14,16,18,18,17,17,50,50,50,50,50,50,50,50,50,32,39,42,50,39,50,50,50,0,48,48,47,26,30,29,29,34,44,0,0,5,29,29,29,-15,-17,-21,-18,-87,0,0,0,-449,-428,-537,-540,-523,-531,-1236,-651,-1520,-1454,-1489,-913,-1458,-1458,-1460,-1460,-1417,-1389,-1473,-1461,-1725,-1699,-29993,-29994,-29994,-29995,-29996,-29993,-29993,-29992,-29992,-29992,-29984,-29983,-29992,-29993,-29999]} 1. e4 c5 2. Nf3 d6 3. d4 cxd4 4. Nxd4 Nf6 5. Nc3 a6 6. Be2 e5 7. Nb3 Be7 8. O-O O-O 9. Kh1 b6 10. Be3 Bb7 11. f3 b5 12. a3 {B92: Sicilian Najdorf: 6 Be2} Nbd7 13. Qd2 Rc8 14. Rfd1 {The position is equal.} Qc7 15. Qe1 Rfd8 {[#]} 16. Rd2 $146 ({Predecessor:} 16. Qf2 Rb8 17. Nc1 Bc6 18. N1a2 a5 19. b4 Nf8 20. bxa5 Qxa5 {1-0 (38) Anand,V (2781)-Gelfand,B (2691) Monte Carlo 1999}) 16... Nc5 (16... Bc6 $11) 17. Qf2 Nxb3 (17... Ncd7 {keeps more tension.} 18. g4 Rb8 19. g5 Nh5 20. a4 b4) 18. cxb3 Qb8 19. Bb6 Rd7 20. Rad1 Bc6 21. Be3 h6 22. Qg3 Kh8 23. Qh3 Rdc7 24. b4 Bd7 25. Qg3 Be6 26. Bd3 Bb3 27. Bc2 Bxc2 28. Rxc2 Rc4 29. Qe1 Qb7 30. Rcd2 Qd7 31. Rd3 Qe6 32. g3 Kh7 33. Kg2 Kh8 34. R1d2 Kh7 35. Qd1 R4c6 36. a4 Rb8 37. Nd5 Bf8 38. Ra3 Rc4 39. b3 Rcc8 40. axb5 axb5 41. Ra6 Nxd5 42. Rxd5 Rc3 43. Bd2 Rc7 44. Qe2 Rc2 45. Qd3 Rbc8 46. Qxb5 (46. Rc5 $1 $11 R8xc5 47. bxc5 Rxc5 48. Ra8) 46... Rb2 ({Black should play} 46... R8c3 $17) 47. Rc6 $11 Ra8 {Threatens to win with ...Raa2.} 48. Qd3 $2 {[%mdl 8192]} (48. Qe2 $11) 48... Raa2 $19 49. Qe3 {[#]} Qxd5 $3 {[%mdl 512]} 50. exd5 Rxd2+ 51. Kh3 {Black should prevent Qg1.} Rxh2+ 52. Kg4 g6 {[%csl Gg6][%cal Rf7f5]} 53. Rc7 h5+ 54. Kg5 Bh6+ {[%mdl 64] [#] Skewer} 55. Kf6 Bxe3 56. Rxf7+ Kh6 57. Rf8 Bg5+ 58. Kf7 Ra7+ 59. Kg8 Rg7+ {Black mates.} 60. Kh8 Rc2 61. b5 Bf6 62. b6 Rb7+ 63. Kg8 Bg7 64. Re8 Rxb6 65. Ra8 Rb7 66. Ra6 Rc8# {Accuracy: White = 46%, Black = 65%.} 0-1